000 00729cab a2200229 4500
001 WB3021-08
008 090401t1994 xxu||||| |||| 00| 0 eng d
035 _a(Sirsi) u61966
041 _aeng
245 _aOffice design study
260 _c1994
350 _a0
490 _aArchitects` Journal
_v199 (22) 1 June 1994, 8(1)
520 _aA major multi-client study by DEGW and the BRE is to research the changing design of office lay-outs and the future of the working environment. Outlines the objectives of the study.
650 _aOFFICE DESIGN
650 _aOFFICES
650 _aSPACE PLANNING
650 _aWORKPLACES
690 _aBUILT ENVIRONMENT-CONSTRUCTION DESIGN
942 _n0
948 _c04/03/1997
999 _c38452
_d38452